000 01408aam a22003011i 4500
999 _c6073
_d6073
001 020834954
003 Uk
005 20260204140921.0
006 m || d |
007 cr |||||||||||
008 221204s2014 xxk||||go |||| ||eng
015 _aGBC2M6018
_2bnb
020 _a9781472263667
040 _aUk
_beng
_cUk
_dKH8
042 _aukblsr
082 0 4 _aFIC BUT
100 1 _aButler, Octavia E.,
_eauthor.
245 1 0 _aParable of the sower /
_cOctavia E. Butler.
264 1 _aLondon :
_bHeadline,
_c2014.
300 _a311 pages :
_c20 cm.
336 _atext
_2rdacontent
337 _acomputer
_2rdamedia
338 _aonline resource
_2rdacarrier
520 _aWe are coming apart. We’re a rope, breaking, a single strand at a time. America is a place of chaos, where violence rules and only the rich and powerful are safe. Lauren Olamina, a young woman with the extraordinary power to feel the pain of others as her own, records everything she sees of this broken world in her journal. Then, one terrible night, everything alters beyond recognition, and Lauren must make her voice heard for the sake of those she loves. Soon, her vision becomes reality and her dreams of a better way to live gain the power to change humanity forever.
650 0 _aAlienation (Social psychology)
_zCalifornia
_zLos Angeles
_vFiction.
655 0 _aScience fiction.
942 _2ddc
_cFIC